000 01547cam a22004814i 4500
003 PE-LiUPU
005 20250731173517.0
008 150616s r 000 0 d
020 _a0830716343
035 _a(Sirsi) i9780830716340
040 _aPE-LiUPU
_bspa
_cPE-LiUPU
_erda
049 _aPRUA
082 0 4 _a231.73
_bG81
_221
100 1 _aGreig, Gary S.,
_eautor.
245 1 4 _aThe kingdom an the power.
264 1 _aVentura, California :
_bRegal Books,
_c1984.
300 _a463 páginas ;
_c22 centímetros
336 _atext
_2rdacontent
337 _aunmediated
_2rdamedia
338 _avolume
_2rdacarrier
504 _aBibliografía: páginas 446-450.
505 0 _aExegetical and theological studies.- Pastoral reflections.- Related studies.- Appendices.
526 _aSEG42
526 _aSEG41
526 _aSEG40
526 _aSEG39
526 _aP94
526 _aP87
526 _aP86
526 _aP85
526 _aP77
526 _aP76
526 _aP35
650 0 4 _aMILAGROS.
700 1 _aSpringer, Kevin N.
910 _ajck
_bjvq
_cjck
942 _2ddc
_cBOOK
949 _a231.73 G81
_wDEWEY
_c1
_i41769
_lCCODEBUL1
_mBUL
_r0
_sY
_tBOOK
_u2015-6-16
_xTEOLOGIA
_zUNKNOWN
_0COMPRA
_o.STAFF. Colección General
994 _aC0
_bPEPRU
596 _a1
999 _a231.73 G81
_wDEWEY
_c59433
_i41769
_f2021-11-9
_g5
_lCCODEBUL1
_mBUL
_r0
_sY
_tBOOK
_u2015-6-16
_xTEOLOGIA
_zUNKNOWN
_0COMPRA
_o.STAFF. Colección General
_d59433
980 _81
_gALBERTO SANCHEZ Responsable de Automatización